| 000 | 01558nam a22002417a 4500 | ||
|---|---|---|---|
| 003 | DO-SdBJH | ||
| 005 | 20250122190612.0 | ||
| 008 | 250122b |||||||| |||| 00| 0 spa d | ||
| 040 |
_aDO-SdBJH _bspa _cDO-SdBJH |
||
| 090 |
_aTG EGCEMN _b02233 2023 |
||
| 100 | 1 |
_aVargas Rodríguez, Leonardo N. _esustentante |
|
| 245 | 1 | 0 |
_aSituación actual de la Historia y Cultura Naval en la Armada de República Dominicana, 2023 / _c Leonardo N. Vargas Rodríguez, Amaury Quezada Montero, asesores Marisol Magallanes Ynoa, Aramis Cespedes Aybar |
| 260 |
_aSanto Domingo Este : _bINSUDE, _c2023 |
||
| 300 | _ai, 87 páginas, gráfico, figura | ||
| 502 | _aTesis (Especialidad en Comando y Estado Mayor Naval). -- Instituto Superior para la Defensa (INSUDE). Escuela de Graduados de Estudios Superiores Navales, 2023 | ||
| 504 | _aIncluye referencias bibliográficas e índices | ||
| 505 | _aConceptualización y principales manifestaciones históricas y culturales de la Armada de República Dominicana. -- Dependencias responsables de la preservación, promoción y difusión de la historia y cultura Naval en la Armada de República Dominicana e instituciones gubernamentales afines. -- Estado actual de la historia y la cultura Naval en la Armada de República Dominicana | ||
| 700 | 1 |
_aQuezada Montero, Amaury _esustentante |
|
| 700 | 1 |
_aMagallanes Ynoa, Marisol _easesor |
|
| 700 | 1 |
_aCespedes Aybar, Aramis _easesor |
|
| 830 | _aINSUDE. “Escuela de Graduados de Estudios Superiores Navales”. Tesis y disertaciones académicas | ||
| 942 |
_2CL _cT |
||
| 999 |
_c8024 _d8024 |
||